000 00721cam a22002413a 4500
001 712
003 PGUSA
005 20140828082951.0
008 060121s2006||||xxu|||||s|||||000 | eng d
040 _aPGUSA
_beng
042 _adc
050 4 _aE300
100 1 _aEllis, Edward Sylvester,
_d1840-1916
245 1 0 _aThomas Jefferson, a Character Sketch
_h[electronic resource] /
_cEdward Sylvester Ellis
260 _bProject Gutenberg,
_c2006
506 _aPublic domain in the USA.
516 _aElectronic text
653 _aPresidents -- United States -- Biography
653 _aJefferson, Thomas, 1743-1826
830 0 _aProject Gutenberg
_v712
856 4 0 _uhttp://www.gutenberg.org/ebooks/712
942 _cEB
999 _c230063
_d230063